HUMAN VALUES (Record no. 12391)

MARC details
000 -LEADER
fixed length control field 00381nam a22001697a 4500
003 - CONTROL NUMBER IDENTIFIER
control field OSt
008 - FIXED-LENGTH DATA ELEMENTS--GENERAL INFORMATION
fixed length control field 240403b |||||||| |||| 00| 0 eng d
020 ## - INTERNATIONAL STANDARD BOOK NUMBER
International Standard Book Number 9789395161909
082 ## - DEWEY DECIMAL CLASSIFICATION NUMBER
Classification number 174 TRH
100 ## - MAIN ENTRY--PERSONAL NAME
Personal name TRIPATHI, A.N
245 ## - TITLE STATEMENT
Title HUMAN VALUES
250 ## - EDITION STATEMENT
Edition statement 4th
260 ## - PUBLICATION, DISTRIBUTION, ETC. (IMPRINT)
Place of publication, distribution, etc N.Delhi
Name of publisher, distributor, etc New Age
Date of publication, distribution, etc 2024
300 ## - PHYSICAL DESCRIPTION
Extent xii,342
650 ## - SUBJECT ADDED ENTRY--TOPICAL TERM
Topical term or geographic name as entry element PHARMACY GENRAL BOOK
942 ## - ADDED ENTRY ELEMENTS (KOHA)
Source of classification or shelving scheme Dewey Decimal Classification
Koha item type Text Books
Holdings
Withdrawn status Lost status Source of classification or shelving scheme Damaged status Not for loan Collection code Home library Current library Date acquired Source of acquisition Currency Cost, normal purchase price Bill Number Total Checkouts Full call number Acc. no. / Barcode Date last seen Actual Cost, discounted price Bill Date Koha item type Date last borrowed
    Dewey Decimal Classification     B.Pharma PIET C-LIBRARY PIET C-LIBRARY 03/04/2024 ZAFAA BOOKS RUPEES 350.00 ZBDO459   174 TRH BP2469 03/04/2024 238.00 23/03/2024 Reference Books  
    Dewey Decimal Classification     B.Pharma PIET C-LIBRARY PIET C-LIBRARY 03/04/2024 ZAFAA BOOKS RUPEES 350.00 ZBDO459 1 174 TRH BP2470 10/09/2024 238.00 23/03/2024 Text Books 29/08/2024

Design & Developed by: PIET Central Library
R70 Miles Stone Pattikalyana Samalkha Panipat 132102
mail ID :- [email protected], Phone No:- 0180-2569700 Ex.216